|
|
|
แสดงรายละเอียดบรรณานุกรม |
|
|
Brief Record
: Get Marc (ISO 2709)
: E-mail record
: |
|
|
| LEADER 01174nam 2200277 a 4500 | |||
| 001 13630 | |||
| 003 ULIBM | |||
| 008 030417s2004 caua sb 001 0 eng | |||
| 020 ^a- | |||
| 082 ^aR 503^bB-S | |||
| 100 ^aBates, Marston | |||
| 245 ^aSouth America/^cMarston Bates | |||
| 250 ^a- | |||
| 260 ^aNederland:^bTime-Life Book,^c1971 | |||
| 300 ^a192 page | |||
| 913 ^aImported by ULIBM Administrator | |||
| 949 ^aImport form external file by ULIBM system | |||
| คุณยังไม่ได้ล็อกอิน คุณสามารถมีกิจกรรมร่วมกับเว็บไซต์ได้ แต่ต้องล็อกอินก่อน :: |
|
| สถานะ | |||||||||
| 1. | หนังสือ | R 503 B-S 2004 Barcode: 001035 | ►หนังสือทั่วไป | On Shelf ขอยืม | |||||
| [แสดง 1/1 รายการ] | |||||||||

BibComment |
| คอมเมนท์ทรัพยากรรายการนี้ |
|
|
ห้องสมุดโรงเรียนสามัคคีวิทยาคม
159 ถ.บรรพปราการ ต.เวียง อ.เมือง จ.เชียงราย 57000
โทร. 053-711018 โทรสาร 053-713003